书目信息 |
| 题名: |
数据通信技术教程
|
|
| 作者: | 吴延海 , 陈光军 主编 | |
| 分册: | ||
| 出版信息: | 北京 北京大学出版社 2006.08 |
|
| 页数: | 339页 | |
| 开本: | 26cm | |
| 丛书名: | 21世纪全国应用型本科电子通信系列实用规划教材 | |
| 单 册: | ||
| 中图分类: | TN919 | |
| 科图分类: | ||
| 主题词: | 数据通信--shu ju tong xin--高等学校--教材 | |
| 电子资源: | ||
| ISBN: | 7-301-10764-1 | |
| 000 | 01148nam 2200265 450 | |
| 001 | 012007648691 | |
| 005 | 20070428153616.62 | |
| 010 | @a7-301-10764-1@dCNY29.00 | |
| 100 | @a20070107d2006 km y0chiy0120 ea | |
| 101 | 0 | @achi |
| 102 | @aCN@b110000 | |
| 105 | @aa a 000yy | |
| 200 | 1 | @a数据通信技术教程@Ashu ju tong xin ji shu jiao cheng@f吴延海, 陈光军主编@Fwu yan hai,chen guang jun zhu bian |
| 210 | @a北京@c北京大学出版社@d2006.08 | |
| 215 | @a339页@c图@d26cm | |
| 225 | 2 | @a21世纪全国应用型本科电子通信系列实用规划教材@A21 shi ji quan guo ying yong xing ben ke dian zi tong xin xi lie shi yong gui hua jiao cai |
| 320 | @a有书目 (第338-339页)。 | |
| 330 | @a本书介绍了数据通信的基本知识和数据通信的主要技术,具体包括数据通信系统的传输方式及主要性能指标、有线信道和无线信道的结构特点及工作机理、基带传输和频带传输系统、调制解调器的结构及功能等。 | |
| 410 | 0 | @12001 @a21世纪全国应用型本科电子通信系列实用规划教材 |
| 606 | 0 | @a数据通信@Ashu ju tong xin@x高等学校@j教材 |
| 690 | @aTN919@v4 | |
| 701 | 0 | @a吴延海@Awu yan hai@4主编 |
| 701 | 0 | @a陈光军@Achen guang jun@4主编 |
| 801 | 0 | @aCN@c20070428 |
| 905 | @a10447@dTN919@eW902 | |
| 数据通信技术教程/吴延海, 陈光军主编.-北京:北京大学出版社,2006.08 |
| 339页:图;26cm.-(21世纪全国应用型本科电子通信系列实用规划教材) |
| ISBN 7-301-10764-1:CNY29.00 |
| 本书介绍了数据通信的基本知识和数据通信的主要技术,具体包括数据通信系统的传输方式及主要性能指标、有线信道和无线信道的结构特点及工作机理、基带传输和频带传输系统、调制解调器的结构及功能等。 |
| ● |
| 相关链接 |
|
|
|
正题名:数据通信技术教程
索取号:TN919/W902
 
预约/预借
| 序号 | 登录号 | 条形码 | 馆藏地/架位号 | 状态 | 备注 |
| 1 | 234527 | 202345275 | 自科库301/301自科库 998排7列3层/ [索取号:TN919/W902] | 在馆 | |
| 2 | 234528 | 202345284 | 自科库301/301自科库 998排7列3层/ [索取号:TN919/W902] | 在馆 |